[Event "Cetinje"]
[Site "Cetinje"]
[Date "1996.??.??"]
[Round "?"]
[White "Popovic, Mladen"]
[Black "Poluljahov, Aleksandr"]
[Result "1-0"]
[WhiteElo "2305"]
[BlackElo "2480"]

1.e4 c5 2.Nf3 e6 3.d4 cxd4 4.Nxd4 Nc6 5.Nc3 Qc7 6.Be3 a6 7.Qd2 Nf6 8.O-O-O Ng4
9.Bg5 Nxd4 10.Qxd4 f6 11.Bh4 Bc5 12.Qd2 b5 13.h3 Ne5 14.f4 Ng6 15.Bg3 O-O
16.Bd3 Bb7 17.Ne2 Ne7 18.Bh2 Rac8 19.g4 d5 20.e5 fxe5 21.fxe5 Nc6 22.Nf4 Qb6
23.Rhe1 Rce8 24.Nh5 Nb4 25.Qg5 Re7 26.Bxh7+ Kxh7 27.Nf6+ gxf6 28.exf6 Ref7
29.Qh5+ Kg8 30.Qg6+ Kh8 31.Re5 Rh7 32.Rh5 Rf7 33.Rxh7+  1-0

[Event "Ciego de Avila"]
[Site "Ciego de Avila"]
[Date "1996.??.??"]
[Round "8"]
[White "Rios, Alejandro"]
[Black "Borges Mateos, Juan"]
[Result "0-1"]
[WhiteElo "2335"]
[BlackElo "2530"]

1.e4 c5 2.Nf3 e6 3.d4 cxd4 4.Nxd4 Nc6 5.Nc3 Qc7 6.g3 a6 7.Bg2 Nf6 8.O-O d6
9.Nce2 Be7 10.Nxc6 bxc6 11.c4 O-O 12.Bg5 Rb8 13.Qd2 h6 14.Bf4 e5 15.Be3 Ng4
16.b3 a5 17.Nc3 Rb4 18.Rfd1 Qb8 19.Rab1 Be6 20.Bf1 Rc8 21.Qe1 Bd8 22.Na4 Nxe3
23.Qxe3 Bc7 24.Rbc1 Rd8 25.Bg2 Rd7 26.Qe2 Qd8 27.Qf1 Bb8 28.c5 Ba7 29.Qa6 dxc5
30.Rxd7 Qxd7 31.Qxa5 Rb5 32.Qe1 c4 33.bxc4 Rb7 34.Qa5 Bxf2+ 35.Kxf2 Qd4+
36.Kf3 Qd3+ 37.Kf2 Qd4+ 38.Kf3 Ra7 39.Qb4 Qd3+ 40.Kf2 Rxa4 41.Qxa4 Qd2+ 42.Kf3 Qxc1
43.Qxc6 Qc3+ 44.Kf2 Qd2+ 45.Kf1 Qxa2 46.Kg1 Qa3 47.Bf1 Qf3 48.Qb6 Kh7 49.Qb1 Qe3+
50.Kh1 Bg4 51.Bg2 Qc3 52.Qf1 Be6 53.c5 Qxc5 54.h4 h5 55.Qf3 g6 56.Qf6 Kg8
57.Kh2 Qd4 58.Kh1 Bc8 59.Qc6 Be6 60.Qc2 Bc4 61.Kh2 Kg7 62.Qc1 Bb5 63.Qc2 Ba6
64.Qb1 Qf2 65.Qa1 Qf6 66.Qb2 Qd6 67.Qb1 Qd4 68.Kh3 Qc3 69.Kh2 Bd3 70.Qd1 Bc4
71.Qb1 Qd2 72.Qa1 Qd4 73.Qb1 Qf2 74.Qa1 Kg8 75.Qb1 Ba6 76.Qb8+ Kh7 77.Qb1 Bc4
78.Qd1 Qb2 79.Qf3 Kg7 80.Kh3 Be2 81.Qe3 Kg8 82.g4 Bxg4+ 83.Kg3 Qd4 84.Qb3 Kg7
85.Qa3 Qd2 86.Kh2 Be2  0-1

[Event "Capablanca mem-C"]
[Site "Cienfuegos"]
[Date "1996.??.??"]
[Round "7"]
[White "Paneque, Pedro"]
[Black "Moreno, Alejandro"]
[Result "1/2-1/2"]
[WhiteElo "2370"]
[BlackElo "2420"]

1.e4 c5 2.Nf3 e6 3.d4 cxd4 4.Nxd4 Nc6 5.Nc3 Qc7 6.Be2 a6 7.O-O Nf6 8.Be3 Be7
9.Qd2 d6 10.Rad1 O-O 11.f4 Bd7  1/2-1/2

[Event "Capablanca mem-D"]
[Site "Cienfuegos"]
[Date "1996.??.??"]
[Round "8"]
[White "Escobar Forero, Alder"]
[Black "Hernandez, Yadira"]
[Result "1-0"]
[WhiteElo "2335"]
[BlackElo "2215"]

1.e4 c5 2.Nf3 e6 3.d4 cxd4 4.Nxd4 Nc6 5.Nc3 Qc7 6.g3 a6 7.Bg2 Nf6 8.O-O Nxd4
9.Qxd4 Bc5 10.Qd3 Ng4 11.Qe2 Ne5 12.Kh1 d6 13.f4 Nc6 14.Qg4 Bd4 15.e5 dxe5
16.Qxg7 e4 17.Qg5 f5 18.Ne2 Bg7 19.g4 h6 20.Qh4 Qe7 21.Qf2 Bd7 22.Be3 O-O-O
23.Bc5 Qf7 24.Rab1 Bf8 25.Bb6 Re8 26.a3 Rg8 27.b4 Rxg4 28.c4 e5 29.b5 Nb8
30.fxe5 Rxe5 31.a4 f4 32.Qd4 Reg5 33.Bxe4 f3 34.Rxf3 Qe7 35.Nf4 Bg7 36.Qe3 Re5
37.Nd5 Qe8 38.Qc5+ Nc6 39.Qd6  1-0

[Event "Capablanca mem-B"]
[Site "Cienfuegos"]
[Date "1996.??.??"]
[Round "13"]
[White "Mitkov, Nikola"]
[Black "Galego, Luis"]
[Result "1-0"]
[WhiteElo "2475"]
[BlackElo "2445"]

1.e4 c5 2.Nc3 Nc6 3.Nf3 e6 4.d4 cxd4 5.Nxd4 d6 6.Be3 Nf6 7.Bc4 a6 8.Bb3 Bd7
9.f4 Qc7 10.Qf3 h5 11.h3 h4 12.f5 e5 13.Ne6 fxe6 14.fxe6 Bc8 15.Nd5 Nxd5
16.exd5 Na5 17.O-O Bxe6 18.dxe6 O-O-O 19.Qf2 Nxb3 20.cxb3 Qe7 21.Rac1+ Kb8
22.Qc2 d5 23.Bb6 d4 24.Qc7+  1-0

[Event "Politiken Cup"]
[Site "Copenhagen"]
[Date "1996.??.??"]
[Round "8"]
[White "Kosebay, Osman"]
[Black "Wallace, John Paul"]
[Result "1-0"]
[WhiteElo "2220"]
[BlackElo "2370"]

1.e4 c5 2.Nf3 e6 3.d4 cxd4 4.Nxd4 Nc6 5.Nc3 Qc7 6.Be2 Nf6 7.O-O a6 8.Kh1 Be7
9.f4 d6 10.Be3 O-O 11.Qe1 Nd7 12.Qg3 Bf6 13.Rad1 Rb8 14.Nf3 b5 15.e5 dxe5
16.Ne4 Be7 17.fxe5 f5 18.Bh6 Rf7 19.Nd6 Bxd6 20.exd6 Qb6 21.Ng5 f4 22.Qd3 Rf5
23.Nxe6 Rf6 24.Ng5 Nf8 25.Qb3+ Be6 26.Nxe6 Nxe6 27.Bg5 Rg6 28.Bh5 Nd4 29.Rxd4 Qxd4
30.Bxg6 Qc4 31.Qxc4 bxc4 32.Re1 Nxg5 33.d7 Rf8 34.Re8 Ne6 35.Rxe6 hxg6 36.Re8 Kf7
37.Rxf8+  1-0

[Event "Politiken Cup"]
[Site "Copenhagen"]
[Date "1996.??.??"]
[Round "10"]
[White "Wolski, Thomas"]
[Black "Taimanov, Mark E"]
[Result "1-0"]
[WhiteElo "2310"]
[BlackElo "2480"]

1.e4 c5 2.Nf3 e6 3.d4 cxd4 4.Nxd4 Nc6 5.Nc3 a6 6.Be3 Nge7 7.Be2 Nxd4 8.Qxd4 b5
9.O-O Nc6 10.Qd2 Be7 11.f4 Bb7 12.Rad1 Rc8 13.Kh1 Na5 14.f5 Nc4 15.Bxc4 Rxc4
16.fxe6 fxe6 17.Bb6 Qc8 18.Qf2 Rf8 19.Qg3 Qc6 20.Qxg7 d6 21.Be3 Rxc3 22.Bg5 Qd7
23.bxc3 Bxe4 24.Bxe7  1-0

[Event "Politiken Cup"]
[Site "Copenhagen"]
[Date "1996.??.??"]
[Round "11"]
[White "De Firmian, Nick E"]
[Black "Kulaots, Kaido"]
[Result "1-0"]
[WhiteElo "2595"]
[BlackElo "2400"]

1.e4 c5 2.Nf3 Nc6 3.d4 cxd4 4.Nxd4 e6 5.Nc3 Qc7 6.g3 a6 7.Bg2 Nge7 8.Nb3 Ng6
9.O-O Be7 10.a4 O-O 11.f4 Rb8 12.Be3 b6 13.Qe2 f6 14.Rad1 Na5 15.Nd4 Qc4
16.Rd3 Rf7 17.Rfd1 Nf8 18.Qf2 Qc7 19.b3 Nc6 20.Nce2 Nb4 21.R3d2 Bb7 22.c3 Nc6
23.c4 Bb4 24.Rd3 Na5 25.Nc2 Bc5 26.Ned4 Re8 27.Ne2 Ba8 28.Rc1 Nb7 29.Nc3 Na5
30.Ne2 Nb7 31.Rcd1 Bxe3 32.Qxe3 Nc5 33.R3d2 Bc6 34.a5 Qb7 35.Rd6 f5 36.Rxc6 Qxc6
37.exf5 Qc8 38.axb6 exf5 39.Qf2 Ne4 40.Bxe4 fxe4 41.Ne3 Qc5 42.Nd5 e3 43.Qf3 Rb8
44.Rd3 d6 45.Qe4 a5 46.Nd4 Kh8 47.Rxe3 h6 48.Kg2 a4 49.bxa4 Qxc4 50.Nb5 Qc1
51.Re2 Qd1 52.a5 Nd7 53.Nxd6 Rff8 54.Qf3 Nc5 55.Re7 Qd2+ 56.Kh3 Nd3 57.Re2 Qd1
58.Ne7 Nxf4+ 59.gxf4 Qxd6 60.Qe4 Rf6 61.Re3 Qd7+ 62.Kg3 Re8 63.b7 Qb5 64.Rc3 Qf1
65.Rc8 Qg1+ 66.Kh3 Qf1+ 67.Qg2 Qd3+ 68.Qg3 Qf1+ 69.Kg4 Qe2+ 70.Kh3 Qf1+ 71.Qg2 Qd3+
72.Kg4 Rg6+ 73.Kh4 Rxg2 74.Rxe8+  1-0

[Event "CZE-chT 9596"]
[Site "?"]
[Date "1996.??.??"]
[Round "1"]
[White "Jurasek, Miroslav"]
[Black "Chloupek, Stanislav"]
[Result "1/2-1/2"]
[WhiteElo "2240"]
[BlackElo "2305"]

1.e4 c5 2.Nf3 e6 3.d4 cxd4 4.Nxd4 Nc6 5.Nc3 Qc7 6.Be3 a6 7.Be2 Nf6 8.O-O Bb4
9.Nxc6 bxc6 10.Qd4 c5 11.Qc4 Bb7 12.Bf3 Qe5 13.Rfe1 O-O 14.Bd2 Bc6 15.Rad1 Bb5
16.Qb3 Ba5 17.a3 Rab8 18.Qa2 Bc6 19.g3 Qc7 20.Bf4 e5 21.Bg5 Qb7 22.Bxf6 gxf6
23.Rb1 Bxc3 24.bxc3 Qc7 25.Qc4 Bb5 26.Qd5 Qc6 27.Qd2 Kg7 28.Bg4 Rbd8 29.Rbd1 d6
30.h4 Bc4 31.Bf3 h6 32.Kg2 a5 33.Re3 Rfe8 34.Kh2 Re7 35.Bg2 Be6 36.Qe2 c4
37.Qh5 Qc8 38.g4 Rh8 39.Rg3 Qc5 40.Rf1 Rc7 41.g5  1/2-1/2

[Event "CZE-chT 9596"]
[Site "?"]
[Date "1996.??.??"]
[Round "3"]
[White "Tobyas, Miroslav"]
[Black "Chloupek, Stanislav"]
[Result "0-1"]
[WhiteElo "2315"]
[BlackElo "2305"]

1.e4 c5 2.Nf3 e6 3.d4 cxd4 4.Nxd4 Nc6 5.Nc3 Qc7 6.f4 a6 7.Nf3 b5 8.Bd3 Bc5
9.e5 f5 10.g4 g6 11.gxf5 gxf5 12.Ng5 Nce7 13.Qh5+ Ng6 14.Nxh7 Ne7 15.Nf6+ Kf7
16.Qg5 Bb7 17.Rf1 Rxh2 18.Ng4 Rh3 19.Bd2 Rah8 20.O-O-O Qd8 21.Nf6 Bc6 22.Rde1 Ng8
23.Ne2 Nxf6 24.exf6 R8h5  0-1

[Event "CZE-chT 9596"]
[Site "?"]
[Date "1996.??.??"]
[Round "4"]
[White "Velicka, Petr"]
[Black "Kogan, Artur"]
[Result "1/2-1/2"]
[WhiteElo "2420"]
[BlackElo "2485"]

1.e4 c5 2.Nf3 e6 3.d4 cxd4 4.Nxd4 Nc6 5.Nc3 Qc7 6.Be2 a6 7.O-O Nf6 8.Be3 Bb4
9.Na4 Be7 10.Nxc6 bxc6 11.Nb6 Rb8 12.Nxc8 Qxc8 13.e5 Nd5 14.Bc1 Bc5 15.c4 Ne7
16.b3 Qc7 17.Bb2 d6 18.exd6 Bxd6 19.g3 O-O 20.c5 Bxc5 21.Bxa6 Nf5 22.Bd3 Rfd8
23.Qc2 Rd5 24.Be4 Nxg3 25.Bxd5 cxd5 26.Rfe1 Ne4 27.Rxe4 dxe4 28.Rc1 Rc8 29.Bd4 Bd6
30.Qxc7 Rxc7 31.Rxc7 Bxc7 32.b4 Bd6 33.b5 e5 34.Be3 Kf8 35.b6 Ke8 36.b7 Bb8
37.a4 Kd7 38.a5 Kc6 39.a6 f5 40.h4 f4 41.a7 Bxa7 42.Bxa7 Kxb7 43.Bc5 Kc6
44.Bf8 g6 45.Kg2 Kd5 46.Kf1 Ke6 47.Bg7 Kf5 48.Ke2 g5 49.h5 h6 50.Bxh6 Kg4
51.Bg7 Kxh5 52.Bxe5 Kg4 53.Bf6 Kf5 54.Bd8 g4  1/2-1/2

[Event "CZE-chT 9596"]
[Site "?"]
[Date "1996.??.??"]
[Round "7"]
[White "Jurasek, Miroslav"]
[Black "Beil, Zdenek"]
[Result "1-0"]
[WhiteElo "2240"]
[BlackElo "2330"]

1.e4 c5 2.Nf3 Nc6 3.d4 cxd4 4.Nxd4 e6 5.Nc3 a6 6.Be2 Qc7 7.O-O Nf6 8.Be3 Be7
9.f4 d6 10.Kh1 O-O 11.a4 Re8 12.Bf3 Rb8 13.Qe2 Nxd4 14.Bxd4 e5 15.Ba7 Ra8
16.Qf2 Be6 17.f5 Bc4 18.Rfc1 Nd7 19.Be3 f6 20.Bh5 Rf8 21.b3 Bf7 22.Bxf7+ Rxf7
23.Nd5 Qc6 24.a5 Nc5 25.Qf3 Bd8 26.b4 Nd7 27.Qe2 Rc8 28.c4 Ra8 29.Qf2 Kh8
30.Rc3 Kg8 31.h3 Kh8 32.c5 dxc5 33.Bxc5 Nxc5 34.Rxc5 Qd7 35.Qc2 h6 36.Rd1 Qe8
37.Kh2 Kh7 38.Rc8 Rxc8 39.Qxc8 Qg8 40.Rc1 Qf8 41.Qe6 Qg8 42.Rc8 Rf8 43.Qd7 Re8
44.Nxf6+ Bxf6 45.Qxe8  1-0

[Event "CZE-chT 9596"]
[Site "?"]
[Date "1996.??.??"]
[Round "7"]
[White "Vavra, Pavel"]
[Black "Jansa, Vlastimil"]
[Result "1/2-1/2"]
[WhiteElo "2350"]
[BlackElo "2500"]

1.e4 c5 2.Nf3 e6 3.d4 cxd4 4.Nxd4 Nc6 5.Nc3 a6 6.Be3 Qc7 7.Bd3 b5 8.O-O Bb7
9.Re1 Nf6 10.h3 Be7 11.Nb3 d6 12.f4 O-O 13.a4 b4 14.Ne2 Na5 15.Nxa5 Qxa5
16.Ng3 h5 17.f5 h4 18.Nh5 exf5 19.Bd4 Rfe8 20.Nxg7 Kxg7 21.exf5 Kf8 22.Qd2 Ng8
23.f6 Bd8 24.Bh7 Rxe1+ 25.Rxe1 Qh5 26.Qxb4 Bxf6 27.Bxf6 Nxf6 28.Qxb7 Qc5+
29.Kh1 Re8 30.Rxe8+ Kxe8 31.Bd3 Qf2 32.Qf3 Qd4 33.c3 Qe5 34.Qe2 a5 35.Kg1 Kd7
36.Qxe5 dxe5 37.Bc4 Ke7 38.b4 Ne4 39.bxa5 Nxc3 40.a6 Nxa4 41.a7 Nb6 42.Bd5 f5
43.a8=Q Nxa8 44.Bxa8 Kf6 45.Bf3 e4 46.Bh5 f4 47.Kf2 Kg5 48.Bg4 Kf6 49.Ke2  1/2-1/2

[Event "CZE-chT 9596"]
[Site "?"]
[Date "1996.??.??"]
[Round "10"]
[White "Zvara, Petr"]
[Black "Nalepa, Vladimir"]
[Result "1-0"]
[WhiteElo "2310"]
[BlackElo "2155"]

1.e4 c5 2.Nf3 e6 3.Nc3 Nc6 4.d4 cxd4 5.Nxd4 Nf6 6.Ndb5 Bb4 7.a3 Bxc3+ 8.Nxc3 d5
9.exd5 exd5 10.Bd3 O-O 11.O-O d4 12.Ne4 Bf5 13.Ng3 Bg6 14.Re1 Re8 15.Rxe8+ Qxe8
16.Bg5 Qe5 17.Bxf6 Qxf6 18.Bxg6 hxg6 19.Qe2 Rd8 20.Re1 Qd6 21.h4 Qd5 22.Qe4 Qxe4
23.Rxe4 Kf8 24.Re1 Na5 25.b3 d3 26.cxd3 Nxb3 27.Rd1 Rd6 28.Ne4 Ra6 29.d4 Rxa3
30.Rd3 Ra1+ 31.Kh2 Re1 32.f3 Nc1 33.Rc3 Rd1 34.d5 f5 35.Rc8+ Ke7 36.d6+ Kf7
37.Ng5+ Kf6 38.f4 Rxd6 39.Rc7  1-0

[Event "CZE-chT2a 9596"]
[Site "CZE"]
[Date "1996.??.??"]
[Round "?"]
[White "Vavra, Pavel"]
[Black "Cerny, Martin"]
[Result "0-1"]
[WhiteElo "2320"]
[BlackElo "2330"]

1.e4 c5 2.Nf3 e6 3.d4 cxd4 4.Nxd4 Nc6 5.Nc3 Qc7 6.Be3 a6 7.Bd3 b5 8.O-O Bb7
9.Nxc6 Bxc6 10.f4 Nf6 11.e5 Nd5 12.Nxd5 Bxd5 13.a4 Bc5 14.Qe2 Bxe3+ 15.Qxe3 g6
16.Qe2 Rb8 17.axb5 axb5 18.c3 O-O 19.Kh1 f6 20.exf6 Rxf6 21.Bxb5 Bxg2+ 22.Kxg2 Qb7+
23.Kg3 Qxb5 24.Qxb5 Rxb5 25.b4 Rd5 26.Rad1 Rxd1 27.Rxd1 d5 28.Re1 Kf7 29.Ra1 e5
30.Ra7+ Ke6 31.Ra6+ Kf5 32.Rxf6+ Kxf6 33.b5 exf4+ 34.Kxf4 Ke6 35.Kg5 Kd6
36.h4  0-1

[Event "CZE-chT2b 9596"]
[Site "CZE"]
[Date "1996.??.??"]
[Round "?"]
[White "Lacina, Adolf"]
[Black "Voller, Jiri"]
[Result "0-1"]
[WhiteElo "2240"]
[BlackElo "2295"]

1.e4 c5 2.Nf3 e6 3.d4 cxd4 4.Nxd4 Nc6 5.Nc3 Qc7 6.Be2 Nf6 7.O-O a6 8.Kh1 d6
9.f4 Be7 10.Be3 O-O 11.a4 Re8 12.Qe1 Nxd4 13.Bxd4 e5 14.Be3 exf4 15.Bxf4 Be6
16.Qg3 Nd7 17.Bg4 Ne5 18.Bxe5 dxe5 19.Nd5 Bxd5 20.exd5 Bd6 21.Qh3 e4 22.Rae1 g6
23.c4 f5 24.Be2 a5 25.Rc1 b6 26.g3 Qg7 27.Qg2 Qxb2 28.Rb1 Qd4 29.Rfd1 Qe3
30.Bf1 Bc5 31.Qb2 Qg1+  0-1

[Event "Decin op"]
[Site "Decin"]
[Date "1996.??.??"]
[Round "1"]
[White "Tomescu, Vlad"]
[Black "Sostaric, Marko"]
[Result "1-0"]
[WhiteElo "2380"]
[BlackElo "2165"]

1.e4 c5 2.Nf3 e6 3.d4 cxd4 4.Nxd4 Nc6 5.Nc3 a6 6.g3 Qc7 7.Bg2 b5 8.O-O Bb7
9.Re1 d6 10.Nxc6 Qxc6 11.a4 bxa4 12.Rxa4 Nf6 13.Rb4 e5 14.Bg5 Qd7 15.Bxf6 gxf6
16.Nd5 Bxd5 17.Qxd5 Rc8 18.Bf1 Qc6 19.Qa2 Bg7 20.Bxa6 Ra8 21.Bb5 Rxa2 22.Bxc6+ Kd8
23.Rb7 Kc8 24.Re3 Ra6 25.Bd5  1-0

[Event "Dresden (Women)"]
[Site "Dresden"]
[Date "1996.??.??"]
[Round "?"]
[White "Schaefer, Anke"]
[Black "Maksimovic, Suzana"]
[Result "0-1"]
[WhiteElo "2155"]
[BlackElo "2295"]

1.e4 c5 2.Nc3 Nc6 3.Nge2 e6 4.d4 cxd4 5.Nxd4 Nf6 6.Ndb5 d6 7.Bf4 e5 8.Bg5 a6
9.Na3 b5 10.Nd5 Be7 11.Bxf6 Bxf6 12.c3 Bb7 13.Nc2 O-O 14.Be2 Nb8 15.Bg4 Bg5
16.O-O Ra7 17.a4 bxa4 18.Rxa4 Nd7 19.Bxd7 Qxd7 20.Ra3 g6 21.c4 Qe6 22.Qe2 Bd8
23.Rd1 Ra8 24.b4 Rc8 25.b5 a5 26.Na1 f5 27.exf5 Rxf5 28.Nc2 Bxd5 29.Rxd5 Bb6
30.Ne3 Rf4 31.Rd1 Rcf8 32.Rf1 Qf7 33.Ra2 Qa7 34.Nd1 Qc7 35.Rc2 Bd4 36.Qd2 Kg7
37.Ra2 Bb6 38.Ne3 Bxe3 39.Qxe3 Rxc4 40.b6 Qc5 41.Qxc5 Rxc5 42.Rfa1 Rb8 43.Rxa5 Rxa5
44.Rxa5 Rxb6 45.g3 Kf6 46.h4 h5 47.Kg2 Ke6 48.Ra8 d5 49.Kf3 Rb3+ 50.Ke2 d4
51.Re8+ Kd5 52.Rd8+ Ke4 53.Rf8 Rb2+ 54.Kd1 Kd3 55.Rf3+ Kc4 56.Rf6 e4 57.g4 Kd3
58.Kc1 Rc2+ 59.Kb1 hxg4 60.Rxg6 Rxf2  0-1

[Event "Dresden op"]
[Site "Dresden"]
[Date "1996.??.??"]
[Round "4"]
[White "Rudolf, Henrik"]
[Black "Teske, Henrik"]
[Result "0-1"]
[WhiteElo "2245"]
[BlackElo "2520"]

1.e4 c5 2.Nf3 Nc6 3.d4 cxd4 4.Nxd4 e6 5.Nc3 Qc7 6.Be2 a6 7.O-O Nf6 8.Be3 Bb4
9.Na4 d5 10.c4 Nxe4 11.Bf3 O-O 12.Rc1 Bd7 13.cxd5 exd5 14.Nxc6 Bxc6 15.Qxd5 Rfe8
16.Qb3 Qe7 17.Rfd1 Rad8 18.Nb6 Bd2 19.Ra1 h6 20.a4 Bxe3 21.Qxe3 Rxd1+ 22.Rxd1 Qb4
23.Qd4 Qxd4 24.Rxd4 Nd2 25.h4 Nxf3+ 26.gxf3 Bxf3 27.Rf4 Bc6 28.a5 g6 29.Kh2 Kg7
30.Kg3 Re1 31.Nc4 g5 32.hxg5 hxg5 33.Rd4 Kg6 34.Nd6 f5 35.f4 Re3+ 36.Kf2 Rf3+
37.Ke2 Rxf4 38.Rxf4 gxf4 39.Kf2 Kf6 40.Nc4 Bd5  0-1

[Event "Asia-ch"]
[Site "Dubai"]
[Date "1996.??.??"]
[Round "?"]
[White "Khakpoor, Abbas"]
[Black "Saltaev, Mihail"]
[Result "0-1"]
[WhiteElo "2200"]
[BlackElo "2530"]

1.e4 c5 2.Nf3 e6 3.d4 cxd4 4.Nxd4 Nc6 5.Nc3 d6 6.Be2 Nf6 7.O-O Be7 8.Be3 Bd7
9.Nb3 a6 10.a4 Na5 11.Nxa5 Qxa5 12.f4 Bc6 13.Bf3 O-O 14.Qd2 Qc7 15.a5 Nd7
16.Na4 Rad8 17.c4 Nc5 18.Nxc5 dxc5 19.Qf2 Rd3 20.Be2 Rd7 21.Bf3 Rfd8 22.g3 f5
23.exf5 exf5 24.Ra3 Rd3 25.Bd5+ R8xd5 26.cxd5 Rxd5 27.Qc2 Qd7 28.Raa1 Rd3
29.Qc4+ Kh8 30.Rfe1 h6 31.Bf2 Be4 32.Rac1  0-1

[Event "Nord Cup 2nd"]
[Site "Duesseldorf"]
[Date "1996.??.??"]
[Round "5"]
[White "Kummerow, Heiko"]
[Black "Henrichs, Thomas"]
[Result "0-1"]
[WhiteElo "2255"]
[BlackElo "2340"]

1.e4 c5 2.Nf3 Nc6 3.d4 cxd4 4.Nxd4 e6 5.Nc3 Qc7 6.Be2 a6 7.O-O Nf6 8.Be3 Bb4
9.Nxc6 bxc6 10.Na4 Be7 11.c4 c5 12.Nc3 Bb7 13.Qc2 d6 14.f4 Nd7 15.Bf3 O-O
16.Rae1 Bc6 17.Bf2 Rfe8 18.Bg3 Nb6 19.b3 Rad8 20.e5 d5 21.f5 Bg5 22.cxd5 Nxd5
23.Nxd5 Bxd5 24.f6 g6 25.h4 Bh6 26.Bg4 c4 27.Bf4 Qb6+ 28.Kh2 cxb3 29.axb3 Bf8
30.h5 Rc8 31.Qe2 Qxb3 32.hxg6 hxg6 33.Qf2 Rc2 34.Re2 Rec8 35.Qh4 Qb2 36.Rff2 Rxe2
37.Rxe2 Rc2 38.Rxc2 Qxc2 39.Bh3 a5 40.Bh6 Qe4 41.Qxe4 Bxe4 42.Bc1 Bc5 43.Kg3 Bf5
44.Bxf5 gxf5 45.Kf4 Bd4 46.Ba3 a4 47.Bc1 Kf8  0-1

[Event "RUS-ch"]
[Site "Elista"]
[Date "1996.??.??"]
[Round "4"]
[White "Dolmatov, Sergey"]
[Black "Beshukov, Sergei"]
[Result "1-0"]
[WhiteElo "2575"]
[BlackElo "2460"]

1.e4 c5 2.Nf3 Nc6 3.d4 cxd4 4.Nxd4 e6 5.Nc3 Qc7 6.Be2 a6 7.O-O Nf6 8.Kh1 Nxd4
9.Qxd4 Bc5 10.Qd3 b5 11.f4 Bb7 12.Bf3 h5 13.e5 Ng4 14.Bxb7 Qxb7 15.Ne4 Be7
16.b3 Nh6 17.Bb2 Nf5 18.Qf3 Qc6 19.Rac1 Rd8 20.c4 bxc4 21.Rxc4 Qb6 22.Ng3 Nh4
23.Qe2 g6 24.Ra4 Ra8 25.Rd1 Nf5 26.Nxf5 gxf5 27.Ba3 Bxa3 28.Rxa3 h4 29.h3 a5
30.Ra4 Rg8 31.Rad4 Ra7 32.Qh5 Qb7 33.R1d2 Qb5 34.Qh7 Qf1+ 35.Kh2 Rg6 36.Qh8+ Ke7
37.Qxh4+ Kf8 38.Qh8+ Rg8 39.Qh6+ Rg7 40.Rc4 Ra8 41.Rdc2 Re8 42.Rc8  1-0

[Event "RUS-ch"]
[Site "Elista"]
[Date "1996.??.??"]
[Round "10"]
[White "Korneev, Oleg"]
[Black "Zvjaginsev, Vadim"]
[Result "0-1"]
[WhiteElo "2565"]
[BlackElo "2590"]

1.e4 c5 2.Nf3 e6 3.d4 cxd4 4.Nxd4 Nc6 5.Nc3 d6 6.Be3 Nf6 7.f3 Be7 8.Qd2 O-O
9.O-O-O a6 10.g4 Nd7 11.Rg1 Nxd4 12.Bxd4 b5 13.g5 b4 14.Ne2 a5 15.Kb1 Ne5
16.Qf4 Qc7 17.Ng3 g6 18.Qe3 Bb7 19.f4 Nd7 20.e5 Rac8 21.Bd3 dxe5 22.fxe5 Bc5
23.Be4 Ba6 24.Nh5 Bxd4 25.Qxd4 Be2 26.Qxd7 Bxh5 27.Qxc7 Rxc7 28.Rde1 Rc5
29.Bd3 Rd8 30.Re3 Rdd5 31.Rge1 Bg4 32.b3 Bf5 33.Kb2 Bxd3 34.cxd3 Rc3 35.Rd1 Rd4
36.a3 Rg4 37.axb4 axb4 38.Rg3 Rf4 39.Rd2 h5 40.gxh6 Kh7 41.d4 Rc7 42.d5 exd5
43.Rgd3 Kxh6 44.Rxd5 Re7 45.Re2 g5 46.Rc5 g4 47.Kc2 f5 48.Rc8 Rd4 49.Rc4 Rxc4+
50.bxc4 Kg5 51.Kb3 f4 52.c5 f3 53.Rc2 Rxe5 54.c6 Re8 55.Kxb4 Kf4  0-1

[Event "RUS-ch"]
[Site "Elista"]
[Date "1996.??.??"]
[Round "10"]
[White "Shchekachev, Andrei"]
[Black "Beshukov, Sergei"]
[Result "0-1"]
[WhiteElo "2560"]
[BlackElo "2460"]

1.e4 c5 2.Ne2 Nc6 3.Nbc3 e6 4.d4 cxd4 5.Nxd4 Qc7 6.f4 a6 7.Be2 b5 8.Nxc6 Qxc6
9.Bf3 Bb7 10.Be3 Qc4 11.Qd3 Rc8 12.O-O-O Nf6 13.e5 Bxf3 14.gxf3 b4 15.Qxc4 Rxc4
16.Na4 Nd5 17.Rxd5 exd5 18.Rd1 Rc6 19.f5 d6 20.Rxd5 dxe5 21.Rxe5+ Kd7 22.Nb6+ Kc7
23.Nd5+ Kd6 24.Nxb4 Kxe5 25.Nxc6+ Kxf5 26.c4 Bd6 27.h3 Rc8 28.Nd4+ Ke5  0-1

[Event "BCF-chT 96/97"]
[Site "England"]
[Date "1996.??.??"]
[Round "?"]
[White "Howell, James C"]
[Black "Haydon, Richard"]
[Result "1-0"]
[WhiteElo "2490"]
[BlackElo "2220"]

1.e4 c5 2.Nf3 Nc6 3.d4 cxd4 4.Nxd4 e6 5.Nc3 a6 6.Be2 Nge7 7.O-O Nxd4 8.Qxd4 Nc6
9.Qd3 Qc7 10.Be3 b5 11.f4 d6 12.a4 bxa4 13.Rxa4 Rb8 14.Qd2 Rxb2 15.Bxa6 Bxa6
16.Rxa6 Qc8 17.Rfa1 Be7 18.Nd5 exd5 19.Qc3 Rb1+ 20.Rxb1 Qxa6 21.Rb6 Qa4 22.Rxc6 O-O
23.Bd4 Rb8 24.exd5 Rb4 25.Rc8+ Bf8 26.Be3 Qb5 27.Qc7 Rb1+ 28.Kf2 g5 29.Qxd6 Qf1+
30.Kg3 gxf4+ 31.Kh3  1-0

[Event "BCF-chT 96/97"]
[Site "England"]
[Date "1996.??.??"]
[Round "1"]
[White "Pert, Richard G"]
[Black "Thethi, Pritpal"]
[Result "1-0"]
[WhiteElo "2165"]
[BlackElo "2000"]

1.e4 c5 2.Nf3 Nc6 3.Nc3 e6 4.d4 cxd4 5.Nxd4 Nf6 6.Nxc6 bxc6 7.e5 Nd5 8.Ne4 Qc7
9.f4 Qb6 10.c4 Bb4+ 11.Ke2 Ba6 12.Kf3 f5 13.exf6 Nxf6 14.c5 Qa5 15.Nxf6+ gxf6
16.Bxa6 Qxa6 17.Qd4 Qb5 18.Be3 Rf8 19.Rhc1 Ba5 20.Rcb1 Bc7 21.a4 Qb7 22.b4 a6
23.Rf1 Ke7 24.Rg1 Rg8 25.Qe4 Rg7 26.Ra2 Qb8 27.Rd2 Kf8 28.Rgd1 Qe8 29.Bd4 Qg6
30.Qxg6 Rxg6 31.Be3 Rd8 32.Rxd7 Rxd7 33.Rxd7 Rg7 34.Rxg7 Kxg7 35.Kf2 h5 36.Kf3 Kg6
37.Ke4 Bd8 38.Bd4 Bc7 39.g3 h4 40.g4 f5+ 41.gxf5+ exf5+ 42.Ke3 Kf7 43.Be5 Bd8
44.b5 axb5 45.axb5 cxb5 46.c6 Ke6 47.c7 Bxc7 48.Bxc7 Kd5 49.Be5 b4 50.Kd3 Kc5
51.h3  1-0

[Event "Espoo op"]
[Site "Espoo"]
[Date "1996.??.??"]
[Round "?"]
[White "Shalnev, Nicolai"]
[Black "Kiik, Kalle"]
[Result "0-1"]
[WhiteElo "2295"]
[BlackElo "2385"]

1.e4 c5 2.Nf3 e6 3.d4 cxd4 4.Nxd4 Nc6 5.Nc3 d6 6.g3 Nf6 7.Bg2 Bd7 8.O-O Be7
9.h3 a6 10.Nxc6 Bxc6 11.a4 O-O 12.Qe2 Nd7 13.Rd1 Qc7 14.Nd5 Bxd5 15.exd5 e5
16.a5 Rac8 17.c3 f5 18.Be3 Bf6 19.Ra4 g6 20.Rb4 Bg7 21.Bb6 Qb8 22.Ra1 Rf7
23.Ra3 e4 24.Bd4 Bxd4 25.Rxd4 Ne5 26.Rb3 Nd3 27.Qd2 Rc5 28.Ra3 Qc7 29.b4 Rc4
30.Rxc4 Qxc4 31.Bf1 f4 32.gxf4 Qxd5 33.c4 Qxc4 34.Bxd3 exd3 35.Rxd3 Rxf4
36.Rxd6 Qxb4 37.Qxb4 Rxb4 38.Rd7 Rb5 39.Kg2 h5 40.f4 g5 41.fxg5 Rxg5+ 42.Kf3 Rb5
43.Ke4 Kf8 44.Kd4 Ke8 45.Rd5 Rxd5+ 46.Kxd5 h4 47.Kd4 Kd7 48.Kd5 Kc7 49.Kc5 b6+  0-1

[Event "Espoo op"]
[Site "Espoo"]
[Date "1996.??.??"]
[Round "?"]
[White "Maidla, Vallo"]
[Black "Kiik, Kalle"]
[Result "1-0"]
[WhiteElo "2370"]
[BlackElo "2385"]

1.e4 c5 2.Nf3 e6 3.Nc3 Nc6 4.d4 cxd4 5.Nxd4 d6 6.Be3 Nf6 7.Qd2 Be7 8.f3 O-O
9.O-O-O a6 10.g4 Nxd4 11.Bxd4 b5 12.Kb1 Bb7 13.g5 Nd7 14.h4 Rc8 15.Bd3 Ne5
16.f4 Nf3 17.Qf2 Nxd4 18.Qxd4 Qc7 19.Qf2 b4 20.Ne2 a5 21.Rhg1 d5 22.e5 Bc5
23.Nd4 Qb6 24.Be2 a4 25.Rg3 Rc7 26.Rd2 Rfc8 27.Bd1 a3 28.b3 Bf8 29.f5 exf5
30.Nxf5 Qxf2 31.Rxf2 Re8 32.Re2 Ba6 33.Re1 Bc8 34.Nd4 Bc5 35.Rd3 Rce7 36.Nf3 Rd8
37.Nd4 Rde8 38.Nf3 d4 39.Nxd4 Rxe5 40.Rxe5 Rxe5 41.c4 g6 42.Nf3 Re8 43.Rd5 Bf8
44.Re5 Rd8 45.Bc2 Bg7 46.Rb5 Bc3 47.Be4 Bg4 48.Kc1 Re8 49.Bd5 Re3 50.Rb8+ Kg7
51.Rb7 Be6 52.Bxe6 Rxe6 53.c5 Kf8 54.Kc2 Rc6 55.Rb5  1-0

[Event "EST-ch"]
[Site "?"]
[Date "1996.??.??"]
[Round "1"]
[White "Sepp, Olav"]
[Black "Kulaots, Kaido"]
[Result "1/2-1/2"]
[WhiteElo "2440"]
[BlackElo "2400"]

1.e4 c5 2.Nc3 Nc6 3.Nge2 e6 4.d4 cxd4 5.Nxd4 Qc7 6.Be2 a6 7.O-O Nf6 8.Kh1 d6
9.f4 Be7 10.Be3 O-O 11.a4 Re8 12.Bf3 Rb8 13.g4 Nxd4 14.Bxd4 e5 15.Ba7 Ra8
16.Be3 exf4 17.Bxf4 Be6 18.g5 Nd7 19.Nd5 Bxd5 20.Qxd5 Bf8 21.c3 Ne5 22.Bd1 Nc4
23.Bb3 Rac8 24.a5 Re6 25.Qd4 Qc6 26.Rae1 Qb5 27.Ba2 Qa4 28.Ra1 Qc6 29.Rae1 Qa4
30.Ra1 Qc6 31.Rae1 Qa4  1/2-1/2

[Event "EST-ch"]
[Site "?"]
[Date "1996.??.??"]
[Round "9"]
[White "Kulaots, Kaido"]
[Black "Seeman, Tarvo"]
[Result "1/2-1/2"]
[WhiteElo "2400"]
[BlackElo "2320"]

1.e4 c5 2.Nf3 e6 3.d4 cxd4 4.Nxd4 Nc6 5.Nc3 d6 6.Be3 Nf6 7.f4 Be7 8.Qd2 O-O
9.Be2 e5 10.Nb3 a5 11.a4 exf4 12.Bxf4 Be6 13.Nd4 Nxd4 14.Qxd4 d5 15.exd5 Nxd5
16.Nxd5 Qxd5 17.Qxd5 Bxd5 18.O-O Bc5+ 19.Kh1 Rfe8 20.Bb5 Re4 21.Rae1 b6 22.Rd1 Bc4
23.Bc6 Bxf1 24.Bxe4 Re8 25.Bf3 Bc4 26.b3 Be6 27.g4 h5 28.h3 hxg4 29.hxg4 f6
30.Kg2 g5 31.Bc1 Kf7 32.Bb2 Rh8 33.Bc3 Rc8 34.Bb2 Rh8 35.Bc3 Ke7 36.Re1 Rd8
37.Be4 Kf7 38.Bg6+ Kxg6 39.Rxe6 Bd4 40.Bxd4 Rxd4 41.Kg3 Rd2 42.Rxb6 Rxc2
43.Rb5 Rc3+  1/2-1/2

[Event "FIN-chT 9596"]
[Site "FIN"]
[Date "1996.??.??"]
[Round "2"]
[White "Kauppinen, Martti"]
[Black "Rantala, Jyrki"]
[Result "1-0"]
[WhiteElo "2230"]
[BlackElo "2165"]

1.e4 c5 2.Nf3 e6 3.d4 cxd4 4.Nxd4 Nc6 5.Nc3 d6 6.Be2 Nf6 7.Be3 Be7 8.O-O O-O
9.f4 Bd7 10.Kh1 a6 11.Qe1 b5 12.a3 Nxd4 13.Bxd4 Bc6 14.Bd3 Qc7 15.Qg3 Kh8
16.Rf2 Rad8 17.Raf1 d5 18.Bxf6 Bxf6 19.e5 Be7 20.f5 Bc5 21.f6 g6 22.Re2 Rg8
23.Qg5 Bf8 24.Rf4 h6 25.Rh4 Kh7 26.Re3 Rh8 27.Reh3 Kg8 28.Rxh6 Rxh6 29.Rxh6  1-0